Estadísticas para Las 100 ciudades más grandes de España en un mapa

Haz click aquí para tomar la prueba!

Estadísticas generales

  • Esta prueba ha sido tomada 1,075 veces
  • La puntuación promedio es 57 de 100

Estadísticas de respuestas

Población Ciudad % Correcto
3,22 mMadrid
99%
1,62 mBarcelona
99%
688 kSevilla
97%
791 kValència
97%
571 kMálaga
92%
345 kBilbao
92%
409 kPalma de Mallorca
91%
447 kMurcia
91%
667 kZaragoza
90%
232 kGranada
88%
325 kCórdoba
87%
331 kAlicante
86%
116 kCádiz
86%
124 kLeón
85%
100 kGerona
85%
84.2 kToledo
85%
132 kTarragona
84%
199 kPamplona
84%
186 kDonostia
83%
298 kValladolid
83%
172 kSantander
82%
220 kOviedo
82%
293 kVigo
82%
86.4 kMelilla
81%
143 kSalamanca
81%
85.1 kCeuta
81%
150 kBadajoz
80%
137 kLérida
79%
244 kLa Coruña
79%
196 kAlmería
79%
144 kHuelva
79%
96.4 kSantiago de Compostela
78%
271 kGijón
78%
87.7 kSan Sebastián de los Reyes
78%
96.1 kCáceres
77%
105 kOrense
77%
113 kJaén
77%
98.0 kLugo
77%
82.8 kPontevedra
76%
175 kBurgos
76%
170 kCastellón de la Plana
75%
151 kLogroño
74%
173 kAlbacete
74%
378 kLas Palmas
71%
204 kSanta Cruz
67%
249 kVitoria-Gasteiz
67%
213 kCartagena
66%
180 kGetafe
64%
141 kMarbella
60%
212 kJerez de la Frontera
59%
84.9 kGuadalajara
59%
78.6 kPalencia
59%
261 kL'Hospitalet de Llobregat
58%
230 kElche
57%
188 kLeganés
53%
75.2 kAlcalá de Guadaíra
53%
193 kAlcalá de Henares
53%
217 kBadalona
52%
121 kAlgeciras
48%
207 kMóstoles
47%
211 kSabadell
44%
169 kAlcorcón
44%
78.7 kAvilés
42%
133 kDos Hermanas
42%
193 kFuenlabrada
42%
103 kReus
41%
83.0 kTalavera de la Reina
36%
100 kBaracaldo
35%
218 kTarrasa
35%
93.1 kLorca
35%
116 kAlcobendas
35%
128 kParla
33%
95.2 kSan Fernando
31%
78.2 kGuecho
30%
76.2 kManresa
29%
129 kTorrejón de Ardoz
29%
126 kMataró
29%
86.2 kPozuelo de Alarcón
28%
82.5 kTorrevieja
27%
75.3 kFuengirola
27%
95.5 kLas Rozas de Madrid
26%
84.7 kEl Ejido
26%
74.7 kValdemoro
25%
87.1 kCornellà de Llobregat
25%
155 kLa Laguna
24%
76.7 kOrihuela
23%
83.8 kChiclana de la Frontera
22%
94.9 kRoquetas de Mar
22%
81.8 kCoslada
21%
90.7 kSant Cugat del Vallès
19%
118 kSanta Coloma de Gramanet
19%
102 kTelde
19%
88.3 kEl Puerto de Santa María
18%
85.9 kRivas-Vaciamadrid
18%
80.6 kMijas
16%
80.8 kVélez-Málaga
15%
76.3 kRubí
15%
81.2 kTorrente
13%
82.9 kSant Boi de Llobregat
12%
79.4 kArona
9%

Distribución de puntuación

Porcentaje por número respondido

Porcentaje de gente con cada puntuación

Historial de tus puntuaciones

No has tomado esta prueba